Ryanair si poistil Bratislavu

Írsky prepravca Ryanair dostal pred privatizáciou letiska výhodnú zmluvu na desať rokov. Zmluva je výhodná aj pre bratislavské letisko. Vplyv zmluvy na konkurenčný boj leteckých spoločností. Otázka nových destinácií. Ryanair tvrdo súperí s firmou, ktorá na letisko v Bratislave priviedla cestujúcich...

ver descrição completa

Na minha lista:
Detalhes bibliográficos
Autor principal: Beer, Gabriel
Formato: Capítulo de Livro
Idioma:eslovaco
Assuntos:
Tags: Adicionar Tag
Sem tags, seja o primeiro a adicionar uma tag!

MARC

LEADER 00000naa$a2200000$$$4500
001 0041111
005 20231009083131.7
041 0 |a slo 
044 |a SK 
245 1 0 |a Ryanair si poistil Bratislavu  |c Gabriel Beer 
520 |a Írsky prepravca Ryanair dostal pred privatizáciou letiska výhodnú zmluvu na desať rokov. Zmluva je výhodná aj pre bratislavské letisko. Vplyv zmluvy na konkurenčný boj leteckých spoločností. Otázka nových destinácií. Ryanair tvrdo súperí s firmou, ktorá na letisko v Bratislave priviedla cestujúcich - SkyEurope. Desaťročná zmluva na poslednú chvíľu môže skončiť na Protimonopolnom úrade SR. 
610 2 0 |a doprava letecká 
610 2 0 |a letiská 
610 2 0 |a spoločnosti letecké 
610 2 0 |a konkurencia 
610 2 0 |a zmluvy 
610 2 0 |a Bratislava 
100 1 |a Beer, Gabriel